000 00658nam a22001937a 4500
003 OSt
005 20180116183057.0
008 161025b xxu||||| |||| 00| 0 eng d
020 _a9780385514507
040 _c0
082 _a267.182 ALL 2005
100 _aAllen,John L.
245 _aOPUS DEI :
_bAn Objective Look Behind The Myths and Reality Of The Most Controversial Force in The Catholic Church
_cJohn L.Allen,JR.
260 _aDoubleday
_bImage Books
_c2005
300 _a403p.
_bPB.
440 _aOPUS DEI :An Objective Look Behind The Myths and Reality Of The Most Controversial Force in The Catholic Church
500 _aPB.
942 _2ddc
_cBK
999 _c351893
_d351893